000 00915cam a2200241 a 4500
001 1561694
003 ARRUPE
005 20150122160638.0
008 820201r19581949nyu b 001 0 eng d
035 _a(OCoLC)ocm08119156
040 _aPLF
_cPLF
_dUNL
_dOCL
_dZCU
100 1 _aWhittaker, E. T.
_q(Edmund Taylor),
_d1873-1956.
_914283
245 1 0 _aFrom Euclid to Eddington :
_ba study of conceptions of the external world /
_cby Sir Edmund Whittaker.
260 _aNew York :
_bDover Publications,
_c1958.
300 _aix, 212 p. ;
_c21 cm.
500 _aReprint. Originally published: Cambridge [Cambridgeshire] : Cambridge University Press, 1949.
500 _a"Represents the substance of the Tarner Lectures of 1947"--Pref.
504 _aIncludes bibliographical references and index.
650 0 _aScience
_xPhilosophy.
_914284
740 0 1 _aTarner lectures.
942 _2lcc
_cMONOGRAPH
999 _c121788
_d121788